000 00924nam a22001937a 4500
003 BD-DhUL
005 20181118110008.0
008 170517s1993 bg |||| |||| 000 0 ben d
040 _cBD-DhUL
_dBD-DhUL
082 _a954.92
_bRAB
100 1 _aরহমান, মাহফুজুর।
245 1 _aবাঙালি জাতির মুক্তিসংগ্রাম ও মুক্তিযুদ্ধ /
_cমাহফুজুর রহমান।
260 _aচট্টগ্রাম :
_bবাংলাদেশের মুক্তি সংগ্রাম ও মুক্তিযুদ্ধ গবেষণা কেন,
_c১৯৯৩।
300 _a৮০ পৃ. ;
_c২২ সেমি.
490 0 _aআন্দোলন অপারেশন সিরিজ ;
_v
651 4 _aবাংলাদেশ
_xইতিহাস
651 4 _aBangladesh
_xHistory
942 _2ddc
_cBK
999 _c198474
_d198474